000 00846nam a22002897a 4500
001 BR7807264
003 BR-BrBNA
005 20230928085814.0
007 ta
008 230509b bl.||||| |||| 00| 0 por d
040 _aBR-BrBNA
_bpor
_cBiblioteca Nacional de Agricultura
041 _a(Por)
072 _aK10
_b/G514
090 _ K10 BR7807264
100 1 _aMonteiro, J.R.
110 1 _aSecretaria da Agricultura do Maranhao, Sao Luis (Brasil)
_98255
245 1 _aO reflorestamento no Maranhao com barreira capaz de deter o avanco das inclemencias nordestinas [Brasil]
260 3 _aSao Luis, MA (Brasil):
_c1978.
300 _a30 p.
650 _aPRODUCAO FLORESTAL
650 _aREFLORESTAMENTO
650 _aCONSERVACAO
650 _aFLORESTA
650 _aMARANHAO
909 _a202309
_bLucia
_c55
_dLucia Elande
942 _cBK
999 _c26429
_d26429